000 01546cam a2200337 i 4500
001 17774430
003 EG-ScBUE
005 20250731095614.0
008 130612t2014 njua f 001 0 eng d
020 _a9780470887578
040 _aDLC
_beng
_erda
_cDLC
_dDLC
_dEG-ScBUE
082 0 4 _a543
_222
_bCHR
100 1 _aChristian, Gary D.,
_eauthor.
_929655
245 1 0 _aAnalytical chemistry /
_cGary D. Christian, Purnendu K. (Sandy) Dasgupta, Kevin A. Schug.
250 _aSeventh edition.
264 1 _aHoboken :
_bWiley & Sons,
_c[2014]
264 4 _cc2014
300 _axxii, 826 pages :
_billustrations ;
_c29 cm
336 _2rdacontent
_atext
_btxt
337 _aunmediated
_2rdamedia
_bn
338 _avolume
_bnc
_2rdacarrier
500 _aIncludes index.
500 _aIncludes appendixes.
520 _a"The 7th Edition of Gary Christian's Analytical Chemistry focuses on more in-depth coverage and information about Quantitative Analysis (aka Analytical Chemistry) and related fields. The content builds upon previous editions with more enhanced content that deals with principles and techniques of quantitative analysis with more examples of analytical techniques drawn from areas such as clinical chemistry, life sciences, air and water pollution, and industrial analyses"-
650 7 _aChemistry, Analytic
_xQuantitative.
_2BUEsh
_96411
653 _bENGCHE
_cApril2015
655 _vReading book
_933728
700 1 _aDasgupta, Purnendu K.,
_eauthor.
_937580
700 1 _aSchug, Kevin,
_eauthor.
_937581
942 _2ddc
_cBB
999 _c19156
_d19128